[Event "65..ITA Provinciale VE"]
[Site "Venezia Canal ITA"]
[Date "2005.02.06"]
[Round "3"]
[White "De Minico, Stefano"]
[Black "Lorenzini, Adriano"]
[Result "1/2-1/2"]
[WhiteElo "1912"]
[BlackElo "1895"]
[Annotator "Gabriele Ballarin"]
[PlyCount "138"]
[EventDate "2005.02.07"]
[EventType "swiss"]
[EventRounds "6"]
[EventCountry "ITA"]

1. e4 c6 2. d4 d5 3. e5 Bf5 4. Bd3 Bxd3 5. Qxd3 e6 6. Ne2 c5 7. dxc5 Nd7 8. Bf4 Bxc5 9. Nbc3 Ne7 10. Na4 Qa5+ 11. Nec3 Bb4 12. O-O Ng6 13. Qd4 Rc8 14. Be3 a6 15. f4 b5 16. Nxd5 exd5 17. Qxd5 bxa4 18. Qb7 Rc7 19. Qa8+ Ke7 20. Qe4 Bc5 21. Rfe1 Rhc8 22. Kh1 Bxe3 23. e6 Nc5 24. Qf5 fxe6 25. Rxe3 Rf8 26. Rxe6+ Kd8 27. Rd6+ Ke8 28. Re6+ Re7 29. Rxe7+ Nxe7 30. Qe5 Rf6 31. c3 Kf7 32. Qh5+ Kf8 33. Rd1 h6 34. Qe5 Qb6 35. h3 Re6 36. Qh5 Ne4 37. Kh2 Nf6 38. Qf3 Kg8 39. Qa8+ Kh7 40. Qf3 Qc6 41. Qd3+ Qe4 42. Qb1 Qxb1 43. Rxb1 Re2 44. a3 Nf5 45. b4 Rc2 46. b5 axb5 47. Rxb5 Ne4 48. Rxf5 Rxc3 49. Re5 Nd2 50. f5 Kg8 51. Rd5 Nb1 52. g4 Kf7 53. h4 Rxa3 54. g5 hxg5 55. hxg5 Re3 56. Kg2 a3 57. Ra5 Re2+ 58. Kg3 Rb2 59. Ra7+ Kg8 60. Ra8+ Kh7 61. Kg4 Rb4+ 62. Kh5 g6+ 63. fxg6+ Kg7 64. Ra7+ Kg8 65. Ra8+ Kg7 66. Ra7+ Kf8 67. Ra8+ Kg7 68. Ra7+ Kg8 69. Ra8+ Kg7 1/2-1/2

[Event "65..ITA Provinciale VE"]
[Site "Venezia Canal ITA"]
[Date "2005.02.06"]
[Round "3"]
[White "Franco, Leopoldo"]
[Black "Biserni, Federica"]
[Result "1-0"]
[WhiteElo "1480"]
[BlackElo "1440"]
[Annotator "Gabriele Ballarin"]
[PlyCount "37"]
[EventDate "2005.02.07"]
[EventType "swiss"]
[EventRounds "6"]
[EventCountry "ITA"]

1. d4 d5 2. c4 c6 3. e3 Nf6 4. cxd5 cxd5 5. Nc3 Bf5 6. Qb3 Qc7 7. Nxd5 Qa5+ 8. Nc3 b6 9. Bd2 Be6 10. Qb5+ Bd7 11. Qxa5 bxa5 12. Nf3 Nc6 13. a3 e6 14. Rc1 Rb8 15. Rc2 Be7 16. Bd3 O-O 17. O-O Rb6 18. Ne5 Nxd4 19. exd4 1-0

[Event "65..ITA Provinciale VE"]
[Site "Venezia Canal ITA"]
[Date "2005.02.06"]
[Round "3"]
[White "Marson, Luca"]
[Black "Borghi, Bruno"]
[Result "0-1"]
[WhiteElo "1987"]
[BlackElo "1628"]
[Annotator "Gabriele Ballarin"]
[PlyCount "107"]
[EventDate "2005.02.07"]
[EventType "swiss"]
[EventRounds "6"]
[EventCountry "ITA"]

1. e4 e5 2. Nf3 Nc6 3. Bb5 d6 4. d4 Bd7 5. Nc3 Nf6 6. Bxc6 Bxc6 7. Qd3 exd4 8. Nxd4 Be7 9. Nxc6 bxc6 10. Bg5 O-O 11. O-O-O Ng4 12. Bxe7 Qxe7 13. Qg3 Ne5 14. f4 Nc4 15. Qd3 Nb6 16. Rhe1 Rab8 17. Re3 Rfd8 18. Rh3 h6 19. Rh5 Qe6 20. b3 Qg4 21. Qf3 Qxf3 22. gxf3 a6 23. Ra5 Ra8 24. f5 Kf8 25. f4 Ke7 26. Rg1 Rg8 27. Rg3 g6 28. fxg6 Rxg6 29. Rxg6 fxg6 30. a4 Ke6 31. Kd2 Nd7 32. Ne2 c5 33. Nc3 Nb6 34. Kd3 c6 35. Ne2 Nd7 36. b4 h5 37. b5 cxb5 38. axb5 c4+ 39. Kd4 Nc5 40. bxa6 Rxa6 41. Rxa6 Nxa6 42. Kxc4 Nc7 43. Nc3 Ne8 44. Nd5 Ng7 45. Kd4 h4 46. Ke3 Kd7 47. Kf3 Ne6 48. Kg4 Nc5 49. Nc3 Ne6 50. Nd5 Nc5 51. Kg5 Nxe4+ 52. Kxg6 Ke6 53. Ne3 d5 54. f5+ 0-1

[Event "65..ITA Provinciale VE"]
[Site "Venezia Canal ITA"]
[Date "2005.02.06"]
[Round "3"]
[White "Pavon, Michele"]
[Black "Ballarin, Gabriele"]
[Result "1-0"]
[WhiteElo "1739"]
[BlackElo "1784"]
[Annotator "Gabriele Ballarin"]
[PlyCount "85"]
[EventDate "2005.02.07"]
[EventType "swiss"]
[EventRounds "6"]
[EventCountry "ITA"]

1. e4 e6 2. d4 d5 3. Nc3 Nf6 4. e5 Nfd7 5. f4 a6 6. Nf3 c5 7. Be3 Nc6 8. Qd2 cxd4 9. Bxd4 Nxd4 10. Nxd4 Bb4 11. O-O-O Qc7 12. Nde2 O-O 13. Qd4 Bc5 14. Qd3 f6 15. exf6 Nxf6 16. h3 b5 17. g3 Bb7 18. Bg2 Rac8 19. Nd4 Bxd4 20. Qxd4 Qc5 21. Rhe1 Qxd4 22. Rxd4 Kf7 23. a3 Rc5 24. Rd2 Rd8 25. Rde2 Bc8 26. Bf3 a5 27. g4 b4 28. axb4 axb4 29. Nd1 Rd6 30. g5 Ng8 31. Bg4 d4 32. Nf2 d3 33. Rd2 Ba6 34. Ne4 Rdc6 35. Nxc5 Rxc5 36. Bxe6+ Kf8 37. Re5 Rxe5 38. fxe5 Ne7 39. cxd3 Nc6 40. d4 Ke7 41. Bg4 Na5 42. Rd1 Bc4 43. d5 1-0

[Event "65..ITA Provinciale VE"]
[Site "Venezia Canal ITA"]
[Date "2005.02.06"]
[Round "3"]
[White "Rosino, Antonio"]
[Black "Omeri, Silvan"]
[Result "1/2-1/2"]
[WhiteElo "2285"]
[BlackElo "1600"]
[Annotator "Antonio Rosino"]
[PlyCount "87"]
[EventDate "2005.02.07"]
[EventType "swiss"]
[EventRounds "6"]
[EventCountry "ITA"]

1. e4 c5 2. c3 Nc6 3. d4 e6 $6 4. d5 exd5 5. exd5 Ne5 6. Be2 d6 7. Nf3 Nxf3+ 8. Bxf3 Nf6 9. O-O Be7 10. Bf4 O-O 11. Nd2 Bf5 12. Re1 Qc7 13. Nc4 Rfd8 14. a4 Bf8 $6 15. Bg5 Re8 16. Bxf6 Rxe1+ 17. Qxe1 gxf6 18. Qe3 Qd7 19. Qf4 Bd3 20. Ne3 f5 $6 21. Rd1 c4 22. Nxc4 Bxc4 23. Qxc4 Bg7 24. Re1 $6 (24. Be2 Re8 25. Bd3 Re5 26. Bc2 Qe7 27. g3 $16 Re1+ 28. Rxe1 Qxe1+ 29. Kg2 Qd2 30. Qc8+ Bf8 31. Qxf5 $18) 24... Re8 25. Rxe8+ Qxe8 26. Kf1 $6 (26. g3 $142) 26... Bh6 27. Qd4 (27. Qh4) 27... b6 28. Bd1 (28. g3) 28... Bc1 29. b3 Qe4 $11 30. Qxe4 fxe4 31. Ke2 (31. g4 $5 Bd2 32. c4 Kg7 33. Bc2 h5 (33... e3 34. f3 h5 35. h3 (35. gxh5 Kh6) 35... Kf6) 34. gxh5 (34. h3 hxg4 35. hxg4 e3 36. f3 Kf6 37. Ke2 Kg5) 34... f5) 31... f5 32. Bc2 Kf7 33. f3 exf3+ 34. Kxf3 Kf6 35. Ke2 Ke5 36. Bd3 h6 37. Kd1 Bf4 38. h3 Be3 39. Kc2 Bf2 40. b4 f4 41. Bc4 Ke4 42. Kd2 Be3+ 43. Ke2 Bc1 44. Bb3 1/2-1/2

[Event "65..ITA Provinciale VE"]
[Site "Venezia Canal ITA"]
[Date "2005.02.06"]
[Round "3"]
[White "Vacarciuk, Daniel"]
[Black "Cattaruzzo, Nicolò"]
[Result "0-1"]
[WhiteElo "1440"]
[BlackElo "1481"]
[Annotator "Gabriele Ballarin"]
[PlyCount "64"]
[EventDate "2005.02.07"]
[EventType "swiss"]
[EventRounds "6"]
[EventCountry "ITA"]

1. e4 c5 2. Bb5 a6 3. Bc4 d6 4. Nf3 Nc6 5. c3 Nf6 6. Ng5 e6 7. d3 Be7 8. Nf3 b5 9. Bb3 Bb7 10. c4 b4 11. Be3 Ng4 12. d4 Nxe3 13. fxe3 Bh4+ 14. Kf1 Na5 15. Ba4+ Kf8 16. Nbd2 cxd4 17. exd4 Rc8 18. g3 Bg5 19. b3 g6 20. Qe1 Kg7 21. Nxg5 Qxg5 22. Nf3 Qf6 23. Kf2 Rb8 24. d5 Ba8 25. Qe3 exd5 26. cxd5 Nb7 27. Qa7 Nc5 28. Qc7 Nxe4+ 29. Kg2 Qb2+ 30. Kh3 Nf2+ 31. Kh4 Qf6+ 32. Ng5 Qd4+ 0-1

[Event "65..ITA Provinciale VE"]
[Site "Venezia Canal ITA"]
[Date "2005.02.06"]
[Round "3"]
[White "Velluti, Alberto"]
[Black "You, Zi Chih Stefano"]
[Result "1-0"]
[WhiteElo "1853"]
[BlackElo "1646"]
[Annotator "Gabriele Ballarin"]
[PlyCount "103"]
[EventDate "2005.02.07"]
[EventType "swiss"]
[EventRounds "6"]
[EventCountry "ITA"]

1. e4 e5 2. Nf3 Nc6 3. Bc4 Nf6 4. O-O Bc5 5. c3 d6 6. d4 Bb6 7. dxe5 Nxe5 8. Nxe5 dxe5 9. Qxd8+ Kxd8 10. Bg5 Ke7 11. Nd2 Be6 12. Bb3 h6 13. Bh4 Rad8 14. Rad1 Rd7 15. Nc4 Bxc4 16. Bxf6+ gxf6 17. Rxd7+ Kxd7 18. Bxc4 Ke7 19. Rd1 c6 20. Kf1 Rd8 21. Bd3 c5 22. Ke2 c4 23. Bxc4 Rxd1 24. Kxd1 Bxf2 25. Ke2 Bc5 26. b4 Bd6 27. a3 Ke8 28. Bd5 b6 29. Kd3 Kf8 30. Kc4 a5 31. Kb5 axb4 32. cxb4 Bc7 33. Kc6 Bd8 34. Kd7 Be7 35. Kc7 Ke8 36. Kxb6 Kd7 37. Bxf7 Bd6 38. Bd5 Be7 39. Kb5 Kc7 40. a4 Kb8 41. a5 Ka7 42. g4 Bd6 43. h3 Bc7 44. Bc6 Bd6 45. Kc4 Ka6 46. Kb3 Be7 47. Ka4 Ka7 48. b5 Bc5 49. Bd5 Bd6 50. b6+ Ka6 51. Bc4+ Kb7 52. Kb5 1-0

[Event "65..ITA Provinciale VE"]
[Site "Venezia Canal ITA"]
[Date "2005.02.12"]
[Round "4"]
[White "Borghi, Bruno"]
[Black "De Col, Daniele"]
[Result "1-0"]
[WhiteElo "1628"]
[BlackElo "1436"]
[Annotator "Gabriele Ballarin"]
[PlyCount "55"]
[EventDate "2005.02.07"]
[EventType "swiss"]
[EventRounds "6"]
[EventCountry "ITA"]

1. e4 c6 2. d4 d5 3. Nc3 dxe4 4. Nxe4 Bf5 5. Ng3 e6 6. Nxf5 Qa5+ 7. c3 Qxf5 8. Nf3 Nf6 9. Bd3 Qg4 10. O-O Nbd7 11. Ne5 Qh4 12. Nxd7 Nxd7 13. f4 Bd6 14. Qf3 O-O-O 15. g3 Qh3 16. Be4 Nb8 17. a4 f5 18. Qg2 Qg4 19. Bf3 Qg6 20. b4 Rd7 21. Be3 Qf6 22. b5 Rc7 23. Rfb1 Kd7 24. bxc6+ bxc6 25. Rb3 Rhc8 26. Rab1 Na6 27. Be2 c5 28. Bxa6 1-0

[Event "65..ITA Provinciale VE"]
[Site "Venezia Canal ITA"]
[Date "2005.02.12"]
[Round "4"]
[White "Cattaruzzo, Nicolò"]
[Black "Ballarin, Gabriele"]
[Result "0-1"]
[WhiteElo "1481"]
[BlackElo "1784"]
[Annotator "Gabriele Ballarin"]
[PlyCount "40"]
[EventDate "2005.02.07"]
[EventType "swiss"]
[EventRounds "6"]
[EventCountry "ITA"]

1. d4 Nf6 2. c4 e6 3. Nc3 b6 4. Nf3 Bb7 5. Bg5 h6 6. Bh4 g5 7. Bg3 Nh5 8. e4 Nxg3 9. hxg3 Bg7 10. g4 Nc6 11. Qd2 Qe7 12. a3 O-O-O 13. b4 f5 14. gxf5 exf5 15. e5 Nxe5 16. dxe5 Bxf3 17. gxf3 Qxe5+ 18. Kd1 Qxc3 19. Qxc3 Bxc3 20. Rc1 Bb2 0-1

[Event "65..ITA Provinciale VE"]
[Site "Venezia Canal ITA"]
[Date "2005.02.12"]
[Round "4"]
[White "Lorenzini, Adriano"]
[Black "Velluti, Alberto"]
[Result "1/2-1/2"]
[WhiteElo "1895"]
[BlackElo "1853"]
[Annotator "Gabriele Ballarin"]
[PlyCount "141"]
[EventDate "2005.02.07"]
[EventType "swiss"]
[EventRounds "6"]
[EventCountry "ITA"]

1. d4 Nf6 2. Nf3 b6 3. g3 Bb7 4. Bg2 e6 5. O-O Be7 6. c4 d6 7. Nc3 Nbd7 8. d5 Nc5 9. b4 Nce4 10. Nxe4 Nxe4 11. Bb2 Nf6 12. dxe6 fxe6 13. Bh3 e5 14. Qa4+ Nd7 15. Rfd1 Bc8 16. Qc6 Rb8 17. Nxe5 Bf6 18. Nxd7 Bxd7 19. Bxd7+ Qxd7 20. Qxd7+ Kxd7 21. Bxf6 gxf6 22. e4 Rhe8 23. f3 a5 24. a3 Ra8 25. Kf2 Re5 26. g4 Ke7 27. Ke3 Kf7 28. Kf4 h6 29. h4 Kg7 30. h5 Kf7 31. Rac1 Ke7 32. c5 bxc5 33. bxc5 dxc5 34. Rc4 Rb8 35. Rd3 Rb1 36. Kg3 Rb5 37. f4 Re6 38. Rd5 Rb3+ 39. Kh4 Rxa3 40. Rdxc5 c6 41. Rxc6 Rxc6 42. Rxc6 Ra4 43. Rc7+ Kf8 44. e5 f5 45. Kg3 Ra3+ 46. Kf2 fxg4 47. Rc6 Rf3+ 48. Kg2 Rxf4 49. Rxh6 Rf5 50. e6 Ke7 51. Kg3 Rg5 52. Rh7+ Kxe6 53. Ra7 Rxh5 54. Kxg4 Rc5 55. Kf4 Kd5 56. Ke3 Kc4 57. Kd2 Kb5 58. Rb7+ Ka4 59. Kd3 Ka3 60. Rb8 a4 61. Kd4 Rc1 62. Kd3 Ka2 63. Kd2 Rb1 64. Ra8 a3 65. Kc2 Rb2+ 66. Kc1 Rb5 67. Kc2 Rc5+ 68. Kd2 Rc4 69. Kd3 Rh4 70. Kc2 Rh2+ 71. Kc1 1/2-1/2

[Event "65..ITA Provinciale VE"]
[Site "Venezia Canal ITA"]
[Date "2005.02.12"]
[Round "4"]
[White "Omeri, Silvan"]
[Black "De Minico, Stefano"]
[Result "1/2-1/2"]
[WhiteElo "2285"]
[BlackElo "1600"]
[Annotator "Gabriele Ballarin"]
[PlyCount "173"]
[EventDate "2005.02.07"]
[EventType "swiss"]
[EventRounds "6"]
[EventCountry "ITA"]

1. d4 g6 2. c4 Nf6 3. Nf3 Bg7 4. Nc3 O-O 5. g3 d6 6. e4 Nc6 7. d5 Nb8 8. Bg2 e5 9. Bg5 h6 10. Bd2 Ne8 11. Nh4 c6 12. Qe2 Kh7 13. O-O-O b5 14. dxc6 b4 15. Nd5 Nxc6 16. Nxb4 Nxb4 17. Bxb4 Be6 18. Kb1 Rb8 19. Ba3 Qc8 20. Rc1 Qa6 21. Ka1 Nc7 22. Rhd1 Rfd8 23. Bf1 Qc6 24. Nf3 f5 25. Nd2 Rbc8 26. f3 Na6 27. Nb3 Bf8 28. Qe3 Rd7 29. Bd3 Rf7 30. exf5 Bxf5 31. Be4 Bxe4 32. fxe4 Be7 33. h4 Rcf8 34. Nd2 Bd8 35. b4 Qa4 36. Qb3 Qe8 37. c5 dxc5 38. b5 Nc7 39. Bxc5 Be7 40. Bxe7 Qxe7 41. Rc6 Rd8 42. b6 axb6 43. Qxb6 Na8 44. Qa6 Nc7 45. Qb7 Ne8 46. Qxe7 Rxe7 47. Kb2 Kg7 48. Kc2 Nf6 49. a4 Red7 50. Rc4 Rd3 51. Rc7+ Kg8 52. Rc5 Rxd2+ 53. Rxd2 Rxd2+ 54. Kb3 Nxe4 55. Rxe5 Nxg3 56. a5 Rd6 57. Kb4 Nf5 58. h5 Kf7 59. hxg6+ Kxg6 60. Kc5 Rf6 61. Kb5 Nd4+ 62. Kc5 Nc6 63. Re1 Nxa5 64. Rg1+ Kf7 65. Kd5 h5 66. Ke4 Nc4 67. Rg5 h4 68. Rh5 Nd2+ 69. Ke3 Nf3 70. Kf2 Kg6 71. Ra5 Ng5+ 72. Kg2 Kh5 73. Ra4 Rf3 74. Ra5 h3+ 75. Kh2 Rb3 76. Ra4 Re3 77. Rf4 Ne4 78. Rf8 Kg4 79. Rg8+ Ng5 80. Kg1 Re1+ 81. Kh2 Re2+ 82. Kg1 h2+ 83. Kh1 Kh3 84. Rh8+ Kg3 85. Rh3+ Kg4 86. Rg3+ Kf4 87. Rg4+ 1/2-1/2

[Event "65..ITA Provinciale VE"]
[Site "Venezia Canal ITA"]
[Date "2005.02.12"]
[Round "4"]
[White "Pavon, Michele"]
[Black "Rosino, Antonio"]
[Result "1/2-1/2"]
[WhiteElo "1739"]
[BlackElo "2285"]
[Annotator "Antonio Rosino"]
[PlyCount "113"]
[EventDate "2005.02.07"]
[EventType "swiss"]
[EventRounds "6"]
[EventCountry "ITA"]

1. e4 Nf6 2. e5 Nd5 3. d4 d6 4. Nf3 Bg4 5. Be2 e6 6. O-O Be7 7. c4 Nb6 8. Nc3 O-O 9. h3 Bh5 10. Be3 d5 11. c5 Bxf3 12. cxb6 Bxe2 13. bxc7 Bxd1 14. cxd8=Q Rxd8 15. Rfxd1 Nd7 16. Na4 b5 17. Nc3 a6 18. Rac1 Nb6 19. b3 Rdc8 (19... Ba3 20. Rc2 Rac8 21. Bc1 Bb4 22. Bb2 Rc7 23. Rdc1 Rdc8 24. g3) 20. Nb1 f6 21. f4 Kf7 22. Kf2 Ke8 23. Ke2 Kd7 24. Rxc8 Nxc8 25. Bd2 a5 26. Rc1 Na7 27. Nc3 (27. Bxa5 Nc6 28. Bc3 Rxa2+ 29. Nd2) 27... Ba3 28. Rc2 Rc8 29. Kd3 Bb4 30. Ne2 Nc6 31. Nc3 Rb8 32. Ke3 fxe5 33. fxe5 Be7 34. Ne2 a4 35. Nc1 Rf8 36. Bc3 Bg5+ 37. Ke2 Rf4 38. Nd3 Rxd4 $2 (38... Nxd4+ 39. Bxd4 Rxd4 40. bxa4 bxa4) 39. Nc5+ Ke7 40. bxa4 $2 (40. g3 $1 Nb4 41. Rb2 a3 42. Rb1) 40... bxa4 41. Rb2 Rc4 42. Rb7+ Ke8 43. Nxe6 Rxc3 44. Nxg5 Nxe5 45. Rxg7 d4 46. Nf3 Re3+ (46... d3+ 47. Ke3) 47. Kd1 Nxf3 48. gxf3 Ra3 49. Rxh7 $2 (49. Kd2 $1 Rxa2+ 50. Kd3) 49... Rxa2 50. Ra7 a3 51. h4 d3 52. h5 Ra1+ $4 (52... Kf8 53. h6 Kg8 54. f4 Ra1+ 55. Kd2 a2) 53. Kd2 a2 54. h6 Rh1 55. h7 Rxh7 56. Ra8+ Kf7 57. Kxd3 1/2-1/2

[Event "65..ITA Provinciale VE"]
[Site "Venezia Canal ITA"]
[Date "2005.02.12"]
[Round "4"]
[White "Vidal, Irene"]
[Black "Marson, Luca"]
[Result "0-1"]
[WhiteElo "1440"]
[BlackElo "1987"]
[Annotator "Gabriele Ballarin"]
[PlyCount "88"]
[EventDate "2005.02.07"]
[EventType "swiss"]
[EventRounds "6"]
[EventCountry "ITA"]

1. e4 c5 2. Nf3 d6 3. d4 cxd4 4. Nxd4 Nf6 5. Nc3 g6 6. h3 Bg7 7. Be3 O-O 8. Bc4 Nc6 9. Nxc6 bxc6 10. O-O Qc7 11. Rb1 Rb8 12. Qf3 Nd7 13. Bf4 Ne5 14. Bxe5 Bxe5 15. Qe3 Be6 16. Bxe6 fxe6 17. b3 Qa5 18. Na4 Rf7 19. Rbe1 Rbf8 20. Re2 Bf4 21. Qd3 Qg5 22. Nc3 Be5 23. Nd1 Qf4 24. g3 Qh6 25. h4 c5 26. c3 Rf3 27. Re3 Qh5 28. Rxf3 Qxf3 29. Qxf3 Rxf3 30. Kg2 Rd3 31. c4 Rd2 32. Ne3 Rxa2 33. Rb1 Bd4 34. Nd1 Kf7 35. Kf3 Kf6 36. b4 Ra3+ 37. Ne3 h5 38. Ke2 Ke5 39. bxc5 Bxc5 40. Rb7 Kxe4 41. Rxe7 Ra2+ 42. Kf1 e5 43. Nd1 Kd3 44. Rg7 Ra1 0-1

[Event "65..ITA Provinciale VE"]
[Site "Venezia Canal ITA"]
[Date "2005.02.12"]
[Round "4"]
[White "You, Zi Chih Stefano"]
[Black "Vacarciuk, Daniel"]
[Result "1-0"]
[WhiteElo "1646"]
[BlackElo "1440"]
[Annotator "Gabriele Ballarin"]
[PlyCount "31"]
[EventDate "2005.02.07"]
[EventType "swiss"]
[EventRounds "6"]
[EventCountry "ITA"]

1. e4 e5 2. Nf3 Nc6 3. Nc3 Bb4 4. Nd5 Nf6 5. c3 Bc5 6. d4 exd4 7. Nxd4 Nxe4 8. Qe2 Qh4 9. g3 Qd8 10. Qxe4+ Ne7 11. Nf5 c6 12. Ndxe7 d5 13. Qe2 Bxe7 14. Nxe7 Qxe7 15. Bg5 Bg4 16. Qxe7# 1-0

[Event "65..ITA Provinciale VE"]
[Site "Venezia Canal ITA"]
[Date "2005.02.13"]
[Round "5"]
[White "Ballarin, Gabriele"]
[Black "De Col, Daniele"]
[Result "1-0"]
[WhiteElo "1784"]
[BlackElo "1436"]
[Annotator "Gabriele Ballarin"]
[PlyCount "41"]
[EventDate "2005.02.07"]
[EventType "swiss"]
[EventRounds "6"]
[EventCountry "ITA"]

1. e4 c6 2. d4 d5 3. Nc3 dxe4 4. Nxe4 Bf5 5. Ng3 Bg6 6. Nf3 Nd7 7. h4 h6 8. Bc4 e6 9. Bf4 Nb6 10. Bb3 Bd6 11. Bxd6 Qxd6 12. Ne5 Ne7 13. h5 Bh7 14. Qg4 O-O 15. O-O-O a5 16. Rhe1 f5 17. Qe2 a4 18. Bc4 Nxc4 19. Qxc4 f4 20. Ne4 f3 21. Nxd6 1-0

[Event "65..ITA Provinciale VE"]
[Site "Venezia Canal ITA"]
[Date "2005.02.13"]
[Round "5"]
[White "Borghi, Bruno"]
[Black "Pavon, Michele"]
[Result "0-1"]
[WhiteElo "1628"]
[BlackElo "1739"]
[Annotator "Gabriele Ballarin"]
[PlyCount "64"]
[EventDate "2005.02.07"]
[EventType "swiss"]
[EventRounds "6"]
[EventCountry "ITA"]

1. e4 c5 2. d4 cxd4 3. c3 dxc3 4. Nxc3 a6 5. Nf3 e6 6. Bc4 b5 7. Bb3 Bb7 8. Qe2 d6 9. O-O Nd7 10. Rd1 b4 11. Na4 Qa5 12. Bf4 Ngf6 13. Bxd6 Bxd6 14. Rxd6 Nxe4 15. Rxd7 Kxd7 16. Qe3 Ke7 17. Nb6 Rab8 18. Nc4 Qc5 19. Qe2 Rhd8 20. Bc2 Nf6 21. b3 Kf8 22. Nfe5 Kg8 23. Re1 Bd5 24. Bd3 a5 25. Kh1 Ra8 26. f4 a4 27. f5 axb3 28. axb3 Qd4 29. fxe6 fxe6 30. Nc6 Bxc6 31. Qxe6+ Kh8 32. Qxc6 Qxd3 0-1

[Event "65..ITA Provinciale VE"]
[Site "Venezia Canal ITA"]
[Date "2005.02.13"]
[Round "5"]
[White "Lorenzini, Adriano"]
[Black "Omeri, Silvan"]
[Result "0-1"]
[WhiteElo "1895"]
[BlackElo "1600"]
[Annotator "Gabriele Ballarin"]
[PlyCount "68"]
[EventDate "2005.02.07"]
[EventType "swiss"]
[EventRounds "6"]
[EventCountry "ITA"]

1. d4 Nf6 2. c4 e6 3. Nf3 d5 4. Nc3 Bb4 5. e3 Bxc3+ 6. bxc3 c6 7. Bd3 dxc4 8. Bxc4 Qa5 9. Qc2 O-O 10. O-O b5 11. Bd3 Bb7 12. e4 h6 13. e5 Nd5 14. Bd2 Qc7 15. a4 a6 16. c4 bxc4 17. Bxc4 c5 18. Bxd5 Bxd5 19. Bb4 Nd7 20. Rfc1 Qb7 21. Bxc5 Nxc5 22. dxc5 Bxf3 23. gxf3 Qxf3 24. Qc3 Qc6 25. Qa5 Rab8 26. Rd1 f6 27. Rd6 Qf3 28. Qxa6 Rb4 29. Rad1 Rg4+ 30. Kf1 fxe5 31. R6d2 Qg2+ 32. Ke1 Re4+ 33. Re2 Qxf2+ 34. Kd2 Rd8+ 0-1

[Event "65..ITA Provinciale VE"]
[Site "Venezia Canal ITA"]
[Date "2005.02.13"]
[Round "5"]
[White "Marson, Luca"]
[Black "Velluti, Alberto"]
[Result "1/2-1/2"]
[WhiteElo "1987"]
[BlackElo "1853"]
[Annotator "Gabriele Ballarin"]
[PlyCount "92"]
[EventDate "2005.02.07"]
[EventType "swiss"]
[EventRounds "6"]
[EventCountry "ITA"]

1. e4 d5 2. exd5 Nf6 3. d4 Nxd5 4. c4 Nb6 5. Nc3 e5 6. Nf3 exd4 7. Qxd4 Qxd4 8. Nxd4 Na6 9. Be2 Bc5 10. Be3 O-O 11. O-O Re8 12. a3 Bxd4 13. Bxd4 c5 14. Be3 Be6 15. b3 Rad8 16. Ne4 Bxc4 17. Nf6+ gxf6 18. bxc4 Nd7 19. Bf3 b6 20. Bc6 Re6 21. Bb5 Nc7 22. Ba4 Ne5 23. Bf4 Red6 24. Rfd1 Rxd1+ 25. Rxd1 Rxd1+ 26. Bxd1 Ne6 27. Bxe5 fxe5 28. f3 Nd4 29. Kf2 f6 30. Ba4 a6 31. Bd7 Kf7 32. g4 Nc2 33. Bc8 a5 34. a4 Na3 35. Bb7 Ke7 36. Bd5 Nb1 37. Bc6 Nc3 38. Ke3 Kd6 39. Be8 Nd1+ 40. Ke4 Nb2 41. Bb5 Nd1 42. Kf5 Ke7 43. g5 fxg5 44. Kxg5 Nc3 45. Bc6 Kd6 46. Be8 Ke7 1/2-1/2

[Event "65..ITA Provinciale VE"]
[Site "Venezia Canal ITA"]
[Date "2005.02.13"]
[Round "5"]
[White "Rosino, Antonio"]
[Black "De Minico, Stefano"]
[Result "1-0"]
[WhiteElo "2285"]
[BlackElo "1912"]
[Annotator "Antonio Rosino"]
[PlyCount "59"]
[EventDate "2005.02.07"]
[EventType "swiss"]
[EventRounds "6"]
[EventCountry "ITA"]

1. e4 e5 2. Nf3 Nc6 3. Nc3 Nf6 4. Bb5 Bc5 5. O-O d6 $2 6. d4 exd4 7. Nxd4 Bd7 8. Nf5 g6 $2 9. Bg5 h6 10. Nxh6 Ne7 11. Bxf6 (11. Qf3 $1 Bxb5 12. Qxf6 Rxh6 13. Bxh6 Bc6 14. Qh8+ Kd7 15. Qxd8+ Rxd8) 11... Rxh6 12. Nd5 Bxb5 13. Bxe7 Qc8 14. Re1 Rh8 15. e5 Qf5 16. Qd2 Kd7 17. exd6 cxd6 18. b4 $1 Rxh2 $5 19. Nf6+ $1 Kc7 20. Kxh2 Rh8+ (20... Bxf2 $4 21. Qxd6+) (20... Qxf2 21. Qxf2 Bxf2 22. g3) 21. Kg1 Bxf2+ 22. Qxf2 Rh1+ 23. Kxh1 Qxf2 24. Ne4 $1 Qf5 25. Bxd6+ Kc6 26. a4 Bc4 27. b5+ Kd7 28. Rad1 b6 29. Nf6+ Kc8 30. Re8+ 1-0

[Event "65..ITA Provinciale VE"]
[Site "Venezia Canal ITA"]
[Date "2005.02.13"]
[Round "5"]
[White "You, Zi Chih Stefano"]
[Black "Vidal, Irene"]
[Result "1-0"]
[WhiteElo "1646"]
[BlackElo "1440"]
[Annotator "Gabriele Ballarin"]
[PlyCount "111"]
[EventDate "2005.02.07"]
[EventType "swiss"]
[EventRounds "6"]
[EventCountry "ITA"]

1. e4 e5 2. Nf3 Nc6 3. Bc4 Bc5 4. d3 Nf6 5. Nc3 d6 6. Bg5 h6 7. Bxf6 Qxf6 8. Nd5 Qd8 9. c3 Na5 10. Bb3 Nxb3 11. axb3 c6 12. Ne3 O-O 13. b4 Bxe3 14. fxe3 f5 15. exf5 Bxf5 16. Qd2 Bg4 17. Rf1 a6 18. O-O-O d5 19. h3 Bxf3 20. gxf3 Qh4 21. Qg2 Rf7 22. Kd2 Raf8 23. Ke2 Qh5 24. Qg4 Qf5 25. Qxf5 Rxf5 26. e4 Rg5 27. Kf2 Rd8 28. h4 Rg6 29. Rg1 Rgd6 30. Ke2 Kf7 31. Rg4 Kf6 32. Rdg1 dxe4 33. Rg6+ Kf7 34. Rxg7+ Ke8 35. Rg8+ Kd7 36. Rxd8+ Kxd8 37. dxe4 Kc7 38. h5 Kb6 39. Rg6 Kc7 40. Rxd6 Kxd6 41. Ke3 Ke6 42. f4 Kf6 43. fxe5+ Kxe5 44. Kf3 b6 45. Ke3 Ke6 46. Kf4 Kf6 47. e5+ Ke6 48. Ke4 a5 49. bxa5 bxa5 50. b3 Ke7 51. Kf5 Kf7 52. e6+ Ke7 53. Ke5 c5 54. c4 Kd8 55. Kd6 Ke8 56. e7 1-0

[Event "65..ITA Provinciale VE"]
[Site "Venezia Canal ITA"]
[Date "2005.02.13"]
[Round "6"]
[White "Ballarin, Gabriele"]
[Black "You, Zi Chih Stefano"]
[Result "0-1"]
[WhiteElo "1784"]
[BlackElo "1646"]
[Annotator "Gabriele Ballarin"]
[PlyCount "70"]
[EventDate "2005.02.07"]
[EventType "swiss"]
[EventRounds "6"]
[EventCountry "ITA"]

1. e4 d5 2. exd5 Nf6 3. d4 Nxd5 4. Nf3 g6 5. c4 Nb6 6. Nc3 Bg7 7. Bf4 c6 8. Be5 O-O 9. Bd3 Bg4 10. O-O Bxe5 11. dxe5 N8d7 12. Re1 Qc7 13. Qe2 Rad8 14. c5 Nxc5 15. Bc2 Ne6 16. Qe4 Bxf3 17. gxf3 Rd4 18. Qe3 Nc4 19. Qh6 Nxe5 20. Kh1 Nxf3 21. Rxe6 Rh4 22. Qxh4 Nxh4 23. Re3 Rd8 24. Rae1 e6 25. Ne4 Nf5 26. Rh3 Kg7 27. Ng5 h6 28. Ne4 Qa5 29. Nc3 Rd2 30. Bb3 Rxb2 31. Rd1 Qe5 32. Rf3 b5 33. Rd7 Qe1+ 34. Kg2 Nh4+ 35. Kg3 Nxf3 0-1

[Event "65..ITA Provinciale VE"]
[Site "Venezia Canal ITA"]
[Date "2005.02.13"]
[Round "6"]
[White "De Col, Daniele"]
[Black "Vacarciuk, Daniel"]
[Result "1-0"]
[WhiteElo "1436"]
[BlackElo "1440"]
[Annotator "Gabriele Ballarin"]
[PlyCount "37"]
[EventDate "2005.02.07"]
[EventType "swiss"]
[EventRounds "6"]
[EventCountry "ITA"]

1. Nf3 Nc6 2. d4 d5 3. Nbd2 e6 4. g3 Bb4 5. c3 Bd6 6. Bg2 Nf6 7. O-O Ng4 8. Re1 e5 9. e4 O-O 10. exd5 Ne7 11. dxe5 Bc5 12. Ne4 Bb6 13. h3 Nh6 14. Bxh6 gxh6 15. Qd2 Nf5 16. g4 Ne7 17. Qxh6 Qxd5 18. Nf6+ Kh8 19. Qxh7# 1-0